Nebezpečný odpad opäť našiel cestu do spaľovne Problém je už aspoň dočasne vyriešený, byrokratický kolotoč sa však točí ďalej

Bibliographic Details
Main Author: Jurkovičová, Klaudia (Author)
Format: Article
Language:Slovak
Subjects:

MARC

LEADER 00000nab a2200000 a 4500
001 vtls000895171
003 SK-MaSNL
005 20260302175221.0
008 040720e19961115xo 0 slo
035 |a KE4203 
040 |a KEVKJB  |b slo  |c KEVKJB  |e AACR2 
041 0 |a slo 
044 |a xo  |c SK 
080 |a 628.474  |2 1981 
100 1 |a Jurkovičová, Klaudia  |4 aut  |9 877349 
245 1 0 |a Nebezpečný odpad opäť našiel cestu do spaľovne  |b Problém je už aspoň dočasne vyriešený, byrokratický kolotoč sa však točí ďalej 
650 0 7 |a odpad zdravotnícky  |2 KEVKJB  |9 840740 
650 0 7 |a spaľovanie vyriešené  |2 KEVKJB  |9 886336 
651 7 |a Košice (Slovensko)  |2 KEVKJB  |9 18694 
651 7 |a KE,  |2 KEVKJB  |9 877256 
651 7 |a KE,  |2 KEVKJB  |9 877256 
655 7 |a periodikum  |2 snkbucl  |9 29553 
773 0 8 |t Korzo  |g Roč. 3, č.267, 15.11.1996 
852 |a ZVYKNI  |b KIS3GCP 
999 |c 1406348  |d 1408278